000 00232nam a22000857a 4500
008 160827b xxu||||| |||| 00| 0 eng d
100 _9255
_aKallola V
245 _aIt's Okay to fail, My son
260 _aNew Delhi
_bBannett publication
_c2016
999 _c2912
_d2912